000 00437nam a2200157 i 4500
001 82376
003 ES-MaACL
005 20230906174649.0
007 t|
008 041110s1969 sp ||||1| spa d
100 1 _aIguacen Borau, Damián.
_965152
245 1 3 _aLa Basílica de S. Lorenzo de Huesca /
_cDamián Iguacen Borau.
260 _aHuesca :
_bs.n.,
_c1969]
300 _a283 p. ;
_c24 cm.
852 _aES-MaACL
_jC-42298
_bR.70897
999 _c82376
_d82376